=LDR 00000nam 2200000 4500 =001 INLIS000000000032868 =005 20130612134845 =008 ***********************************Ind** =035 ##$$0010-061300000032868 =041 ##$$a Ind =082 ##$$a 92(Ronaldo) =090 ##$$a 92(Ronaldo), Sau c =100 ##$$a Sandiantoro =245 ##$$a biografi Cristiano ronaldo, Sandiantoro =260 ##$$a 2008 $b Yogyakarta =300 ##$$a 230 hlm, ilus, 21 cm =650 ##$$a Ronaldo-Biografi =850 ##$$a NBPNMAT